000 02160ngm a22004214i 4500
001 991061312102406706
003 ES-BaIT
005 20260416130957.0
008 250408s2007 xxu||| |-|||||q|| vleng|c
024 4 _a089948440796
028 4 0 _a4407
_bVAI
040 _aES-BaIT
_bcat
_erda
_cES-BaIT
041 0 _aeng
_jeng
080 _a793.4(086.8)
130 0 _aDon Quixote (Coreografia : Gorski a partir de Petipa)
_9146126
245 1 0 _aDon Quixote /
_cBolshoi Ballet ; music by Ludwig Minkus ; choreographer: Alexander Gorsky, after Marius Petipa ; production: Main Music departament with Gosteleradio ; Orchestra of The Bolshoi Ballet
264 1 _aPleasantville, NY :
_bVideo Artists International Inc,
_c2007
300 _a1 videodisc (113 min+31 min bonus):
_bcolor, so;
_c19 cm
336 _aimatge en moviment bidimensional
_btdi
_2rdacontent
337 _avídeo
_bv
_2rdamedia
338 _avideodisc
_bvd
_2rdacarrier
344 _adigital
_bòptic
_gmono
_hDolby digital 5.1
_2rda
346 _bNTSC
347 _afitxer vídeo
_bDVD vídeo
_etotes les regions
_2rda
500 _aFormat de pantalla (4:3)
505 8 _aConté: 1. Don Quixote (complete performance, 1978) / director: Yevgeny Macheret ; Alexander Kopilov, conductor -- 2. Bonus: escenes de Don Quixote (1964) / Youri Fayer, conductor
511 1 _aBallarins 1978: Nadezha Pavlova (Kitri/Dulcinea), Vyacheslav Gordeev (Basil), Vladimir Levachov (Don Quixote), Vasiliy Vorokhobko (Sancho Panza), Irina Vozianova (Juanita) -- Ballarins 1964: Maya Plisetskaya (Kitri/Dulcinea) , Maris Liepa (Basil), Vladimir Tikhonov (Don Quixote)
546 _aDVD amb text en anglès i amb subtítols en anglès
650 4 _aDansa clàssica
_xCoreografies
_956589
655 4 _aDansa filmada
_9168293
700 1 _aMinkus, L.,
_d1826-1917
_ecompositor
_933863
700 1 _aGorski, Aleksandr Alekseievitx,
_d1871-1924
_ecoreògraf
_994181
700 1 _iAdaptació coreogràfica de (obra):
_aCervantes Saavedra, Miguel de,
_d1547-1616.
_tDon Quijote de la Mancha
_9597
710 2 _aBol'shoi teatr SSSR.
_bBalet
_eballarí
_966595
908 _aCDMAE
940 _aCDMAE
942 _2udc
_c5
999 _c137383
_d137383